000 00344nam a2200133Ia 4500
008 240624s9999 xx 000 0 und d
041 _aeng
082 _a658.4092 POP
100 _aPOPPER MICHA
245 _aLEADERS WHO TRANSFORM SOCIETY WHAT DRIVE
260 _c2005
_aLondon
_bPraeger
300 _aix, : 149 : p. : cm. ; 24
365 _c
_b30
999 _c26692
_d26692